[Event "Skovbo GM"]
[Site "Borup"]
[Date "2012.09.16"]
[Round "4"]
[White "Percivaldi, Martin"]
[Black "Bejtovic, Jasmin"]
[Result "0-1"]
[WhiteElo "2041"]
[BlackElo "2390"]
[PlyCount "86"]
[EventDate "2012.09.14"]
[EventType "swiss"]
[EventRounds "9"]
[EventCountry "DEN"]
[Source "ChessBase"]
[SourceDate "2012.10.19"]

1. d4 Nf6 2. c4 g6 3. g3 Bg7 4. Bg2 O-O 5. Nc3 d6 6. Nf3 Nc6 7. O-O a6 8. Qd3
Bf5 9. e4 Bg4 10. d5 Bxf3 11. Bxf3 Ne5 12. Qe2 Nxf3+ 13. Qxf3 Nd7 14. Rb1 c5
15. Bd2 b5 16. Qe2 bxc4 17. Qxc4 Qc8 18. f4 Rb8 19. Na4 Bd4+ 20. Kg2 Nf6 21.
Qd3 e6 22. dxe6 Qxe6 23. Rfe1 Qxa2 24. Nc3 Qb3 25. Qxa6 Qc2 26. Qe2 Rxb2 27.
Rxb2 Qxb2 28. Nd1 Qb7 29. Qf3 Re8 30. e5 Qxf3+ 31. Kxf3 dxe5 32. fxe5 Rxe5 33.
Rxe5 Bxe5 34. Ne3 Kf8 35. Nc4 Bd4 36. g4 Ke7 37. g5 Nd7 38. Ke4 Ke6 39. Bf4 f5+
40. gxf6 Nxf6+ 41. Kd3 Ng4 42. Nb6 Kf5 43. Bg3 Ne5+ 0-1

[Event "Skovbo GM"]
[Site "Borup"]
[Date "2012.09.16"]
[Round "4"]
[White "Petersen, Nils"]
[Black "Jorgensen, Alexander Torp"]
[Result "1-0"]
[WhiteElo "1958"]
[BlackElo "1584"]
[PlyCount "37"]
[EventDate "2012.09.14"]
[EventType "swiss"]
[EventRounds "9"]
[EventCountry "DEN"]
[Source "ChessBase"]
[SourceDate "2012.10.19"]

1. c4 f5 2. g3 e5 3. d4 e4 4. Bg2 Nf6 5. Nc3 c6 6. Bg5 h6 7. Bxf6 Qxf6 8. e3
Na6 9. a3 Nc7 10. Nge2 g5 11. f3 d5 12. O-O Qd6 13. fxe4 dxe4 14. d5 c5 15. g4
Qe5 16. gxf5 Bxf5 17. Ng3 Bd6 18. Rxf5 Qe7 19. Qh5+ 1-0

[Event "Skovbo GM"]
[Site "Borup"]
[Date "2012.09.16"]
[Round "4"]
[White "Rhee, Alexander H"]
[Black "Hagen, Andreas Skytte"]
[Result "0-1"]
[WhiteElo "2183"]
[BlackElo "2422"]
[PlyCount "70"]
[EventDate "2012.09.14"]
[EventType "swiss"]
[EventRounds "9"]
[EventCountry "DEN"]
[Source "ChessBase"]
[SourceDate "2012.10.19"]

1. c4 e6 2. Nc3 d5 3. d4 Be7 4. cxd5 exd5 5. Bf4 c6 6. e3 Bf5 7. h3 Nd7 8. g4
Bg6 9. h4 h6 10. h5 Bh7 11. Bd3 Bxd3 12. Qxd3 Ndf6 13. Be5 Bd6 14. Nf3 Ne7 15.
Rg1 Bb4 16. Nd2 Qd7 17. f3 Qe6 18. a3 Bd6 19. Bxd6 Qxd6 20. O-O-O O-O-O 21. Kb1
Kb8 22. Nb3 Nd7 23. e4 f6 24. Rd2 Rhe8 25. Ne2 Nc8 26. Ng3 Qf4 27. Nf5 dxe4 28.
fxe4 Rxe4 29. Rf1 Qxg4 30. Nxg7 Nd6 31. Nc5 Nxc5 32. dxc5 Nf7 33. Qxd8+ Nxd8
34. Rxd8+ Kc7 35. Rfd1 Qxg7 0-1

[Event "Skovbo GM"]
[Site "Borup"]
[Date "2012.09.16"]
[Round "4"]
[White "Rostgaard, Tobias Valentin"]
[Black "Solodovnichenko, Yuri"]
[Result "0-1"]
[WhiteElo "2227"]
[BlackElo "2602"]
[PlyCount "78"]
[EventDate "2012.09.14"]
[EventType "swiss"]
[EventRounds "9"]
[EventCountry "DEN"]
[Source "ChessBase"]
[SourceDate "2012.10.19"]

1. d4 g6 2. c4 Bg7 3. Nf3 c5 4. d5 d6 5. Nc3 Bxc3+ 6. bxc3 f5 7. Bf4 Qa5 8. Qc2
Nd7 9. e3 Nb6 10. Bd3 Nf6 11. Nd2 Bd7 12. O-O Qa4 13. Qb3 Qa6 14. Qc2 Ba4 15.
Qb1 O-O-O 16. f3 Qa5 17. Rc1 Rhf8 18. Bg3 Nfd7 19. Qb2 Rde8 20. Rab1 e5 21. e4
f4 22. Bf2 g5 23. Bc2 Bxc2 24. Qxc2 Qa4 25. Qd3 Rg8 26. g4 h5 27. h3 Re7 28.
Kg2 Rh7 29. Rh1 Rgh8 30. Rb2 Nf6 31. Rbb1 Rh6 32. Ra1 Qd7 33. Qe2 Qh7 34. Rhg1
hxg4 35. hxg4 Nxg4 36. fxg4 Rh2+ 37. Kf1 Qh3+ 38. Ke1 Qxc3 39. Rd1 R8h3 0-1

[Event "Skovbo GM"]
[Site "Borup"]
[Date "2012.09.16"]
[Round "4"]
[White "Sorensen, Dick"]
[Black "Vijayalakshmi, Subbaraman"]
[Result "0-1"]
[WhiteElo "2041"]
[BlackElo "2387"]
[PlyCount "58"]
[EventDate "2012.09.14"]
[EventType "swiss"]
[EventRounds "9"]
[EventCountry "DEN"]
[Source "ChessBase"]
[SourceDate "2012.10.19"]

1. d4 Nf6 2. Nf3 e6 3. c4 b6 4. g3 Bb7 5. Bg2 Be7 6. Nc3 O-O 7. O-O Ne4 8. Qc2
Nxc3 9. Qxc3 Be4 10. Nd2 Bxg2 11. Kxg2 d5 12. Qf3 Nc6 13. e3 a5 14. b3 a4 15.
Bb2 Bb4 16. Qe2 Na5 17. Nf3 axb3 18. axb3 Nxb3 19. Rab1 Na5 20. Ba1 Bd6 21.
cxd5 exd5 22. Qb5 Be7 23. Bc3 Nc4 24. Ra1 Qd6 25. Nd2 Nxd2 26. Bxd2 h5 27. h4
Qe6 28. Bb4 c6 29. Qxb6 Rab8 0-1

[Event "Skovbo GM"]
[Site "Borup"]
[Date "2012.09.16"]
[Round "4"]
[White "Stuhr, Finn"]
[Black "Bintzik, Bernhard"]
[Result "0-1"]
[WhiteElo "1657"]
[BlackElo "1970"]
[PlyCount "36"]
[EventDate "2012.09.14"]
[EventType "swiss"]
[EventRounds "9"]
[EventCountry "DEN"]
[Source "ChessBase"]
[SourceDate "2012.10.19"]

1. e4 e6 2. d4 d5 3. e5 c5 4. c3 Nc6 5. f4 Qb6 6. Nf3 Bd7 7. Qd3 Rc8 8. g4 cxd4
9. cxd4 Nxd4 10. Nc3 Bc5 11. a3 Nb3 12. Rb1 Ne7 13. Kd1 Ng6 14. f5 Nxc1 15.
Kxc1 Nf4 16. Qc2 O-O 17. b4 Be3+ 18. Kb2 d4 0-1

[Event "Skovbo GM"]
[Site "Borup"]
[Date "2012.09.16"]
[Round "4"]
[White "Teplyi, Igor"]
[Black "Hansen, Henrik Damgaard"]
[Result "1-0"]
[WhiteElo "2377"]
[BlackElo "1823"]
[PlyCount "79"]
[EventDate "2012.09.14"]
[EventType "swiss"]
[EventRounds "9"]
[EventCountry "DEN"]
[Source "ChessBase"]
[SourceDate "2012.10.19"]

1. c4 Nf6 2. Nf3 c5 3. g3 Nc6 4. Bg2 g6 5. b3 Bg7 6. Bb2 O-O 7. O-O d6 8. e3
Qc7 9. Qe2 Bf5 10. d3 Rfe8 11. Nc3 a6 12. Rfd1 Rad8 13. h3 Bc8 14. Rac1 e6 15.
d4 cxd4 16. Nxd4 Nxd4 17. Rxd4 Nd7 18. Rdd1 Nf6 19. Ba3 Rd7 20. Rd3 Red8 21.
Bb2 b6 22. a4 Bb7 23. e4 Qb8 24. Rcd1 Qa8 25. Ba3 Ne8 26. Qe3 b5 27. cxb5 Bxc3
28. bxa6 Qxa6 29. Rxc3 Qa8 30. Rcd3 Bc6 31. f3 d5 32. exd5 Bxd5 33. Qh6 Ng7 34.
Bb2 Ne8 35. Kh2 Bxb3 36. Rxd7 Bxd1 37. Rxf7 Kxf7 38. Qxh7+ Ng7 39. Qxg7+ Ke8
40. Bf6 1-0

[Event "Skovbo GM"]
[Site "Borup"]
[Date "2012.09.16"]
[Round "4"]
[White "Yildiz, Hasan"]
[Black "Hagerup, Per"]
[Result "1-0"]
[WhiteElo "2051"]
[BlackElo "1660"]
[PlyCount "109"]
[EventDate "2012.09.14"]
[EventType "swiss"]
[EventRounds "9"]
[EventCountry "DEN"]
[Source "ChessBase"]
[SourceDate "2012.10.19"]

1. c4 Nf6 2. Nc3 g6 3. g3 Bg7 4. Bg2 c6 5. Nf3 O-O 6. O-O d6 7. d4 Qc7 8. h3
Nbd7 9. e4 e5 10. d5 Nb6 11. Qe2 h6 12. b4 cxd5 13. Nxd5 Nfxd5 14. cxd5 Nxd5
15. exd5 e4 16. Rb1 exf3 17. Qxf3 Bf5 18. Rb3 Rfe8 19. Be3 Be4 20. Qg4 Bf5 21.
Qf4 Qd7 22. Kh2 g5 23. Qf3 b6 24. Rc1 Be4 25. Qd1 Bxg2 26. Kxg2 Qe7 27. Rc6 f5
28. Qc2 Qe5 29. Qc4 Rf8 30. f4 Qf6 31. Rd3 Qg6 32. Rc7 Rae8 33. Rxa7 Rc8 34.
Rc7 Rxc7 35. Qxc7 gxf4 36. Bxf4 Ra8 37. a3 Qh5 38. Qc2 Re8 39. Re3 Rxe3 40.
Bxe3 f4 41. Bxf4 Qxd5+ 42. Kh2 Qd4 43. Qd2 Qa1 44. Bxh6 Bxh6 45. Qxh6 Qb2+ 46.
Kg1 Qd4+ 47. Kf1 Qd3+ 48. Kf2 Qc2+ 49. Kf3 Qd1+ 50. Ke4 d5+ 51. Ke5 d4 52. Qg5+
Kh7 53. Qh4+ Kg6 54. Qxd4 Qe2+ 55. Qe4+ 1-0

[Event "Skovbo GM"]
[Site "Borup"]
[Date "2012.09.16"]
[Round "4"]
[White "Zubarev, Alexander2"]
[Black "Stojanovski, Sandi"]
[Result "1/2-1/2"]
[WhiteElo "2590"]
[BlackElo "2214"]
[PlyCount "97"]
[EventDate "2012.09.14"]
[EventType "swiss"]
[EventRounds "9"]
[EventCountry "DEN"]
[Source "ChessBase"]
[SourceDate "2012.10.19"]

1. e4 c5 2. Ne2 Nc6 3. d4 cxd4 4. Nxd4 Nf6 5. Nc3 e5 6. Ndb5 d6 7. Bg5 a6 8.
Na3 b5 9. Nd5 Be7 10. Bxf6 Bxf6 11. c4 b4 12. Nc2 a5 13. g3 O-O 14. h4 Be6 15.
Bh3 Rc8 16. Qf3 Nd4 17. Nxd4 exd4 18. Nxf6+ Qxf6 19. Qxf6 gxf6 20. Bf1 Bxc4 21.
Kd2 d5 22. exd5 Bxd5 23. Bh3 Be6 24. Bg2 Rc5 25. Be4 d3 26. Rhc1 Re5 27. Re1
Rd8 28. b3 f5 29. Bf3 Rc5 30. Rac1 Rdc8 31. Rxc5 Rxc5 32. Rc1 Rxc1 33. Kxc1 Kg7
34. Kd2 Kf6 35. Kxd3 Ke5 36. Bc6 f6 37. Bb7 Kd6 38. Kd4 f4 39. gxf4 h6 40. Be4
Bf7 41. Bh7 Be6 42. Bd3 Kc6 43. f5 Bd7 44. Kc4 Kd6 45. f4 Kc6 46. Bc2 Kd6 47.
Be4 Be8 48. Bc2 Bd7 49. Kd4 1/2-1/2

[Event "Skovbo GM"]
[Site "Borup"]
[Date "2012.09.20"]
[Round "5"]
[White "Andersen, Bjarne Hjorth"]
[Black "Jepson, Christian"]
[Result "0-1"]
[WhiteElo "2035"]
[BlackElo "2388"]
[PlyCount "58"]
[EventDate "2012.09.14"]
[EventType "swiss"]
[EventRounds "9"]
[EventCountry "DEN"]
[Source "ChessBase"]
[SourceDate "2012.10.19"]

1. e4 e5 2. Nf3 Nc6 3. d4 exd4 4. Nxd4 Bb4+ 5. c3 Bc5 6. Be3 Bb6 7. Nd2 Nf6 8.
Be2 O-O 9. O-O Re8 10. f3 d5 11. Bd3 Nxd4 12. cxd4 dxe4 13. Nxe4 Bxd4 14. Nxf6+
Bxf6 15. Bc1 Qd4+ 16. Kh1 Rd8 17. Be2 Qxd1 18. Bxd1 Be6 19. Bc2 b6 20. Be4 Bd5
21. Bxd5 Rxd5 22. Rb1 Re8 23. Bf4 c5 24. b3 g5 25. Bc1 Re2 26. a4 h5 27. g3 Kh7
28. h3 Rd3 29. f4 Rxg3 0-1

[Event "Skovbo GM"]
[Site "Borup"]
[Date "2012.09.20"]
[Round "5"]
[White "Andersen, Daniel"]
[Black "Pedersen, Hans Dahl"]
[Result "0-1"]
[WhiteElo "1890"]
[BlackElo "2211"]
[PlyCount "64"]
[EventDate "2012.09.14"]
[EventType "swiss"]
[EventRounds "9"]
[EventCountry "DEN"]
[Source "ChessBase"]
[SourceDate "2012.10.19"]

1. c4 c5 2. Nf3 g6 3. Nc3 Bg7 4. g3 Nc6 5. Bg2 e5 6. d3 Nge7 7. h4 h5 8. O-O d6
9. Bg5 O-O 10. Ne1 Rb8 11. Rb1 Bg4 12. Nc2 Qd7 13. Bxe7 Nxe7 14. Re1 Bh6 15.
Kh2 Kg7 16. b4 Be6 17. Nd5 Bxd5 18. cxd5 b6 19. e3 f5 20. b5 Rbe8 21. Qe2 Ng8
22. e4 Qf7 23. exf5 gxf5 24. Rf1 Nf6 25. Ne3 Ng4+ 26. Nxg4 hxg4 27. f3 f4 28.
fxg4 fxg3+ 29. Kxg3 Bf4+ 30. Kh3 Rh8 31. h5 Qd7 32. Rxf4 Rxh5+ 0-1

[Event "Skovbo GM"]
[Site "Borup"]
[Date "2012.09.20"]
[Round "5"]
[White "Andersen, Troels Baekgaard"]
[Black "Sorensen, Dick"]
[Result "1/2-1/2"]
[WhiteElo "1771"]
[BlackElo "2041"]
[PlyCount "35"]
[EventDate "2012.09.14"]
[EventType "swiss"]
[EventRounds "9"]
[EventCountry "DEN"]
[Source "ChessBase"]
[SourceDate "2012.10.19"]

1. d4 d5 2. Nf3 e6 3. c4 c6 4. e3 f5 5. Nc3 Nf6 6. Qc2 Bd6 7. Bd3 Ne4 8. a3 O-O
9. c5 Bc7 10. b4 Nd7 11. Bb2 e5 12. Nxe5 Nxe5 13. dxe5 Bxe5 14. O-O Qf6 15.
Rac1 Qh6 16. f4 Bf6 17. Ne2 Bd7 18. Nd4 1/2-1/2

[Event "Skovbo GM"]
[Site "Borup"]
[Date "2012.09.20"]
[Round "5"]
[White "Bejtovic, Jasmin"]
[Black "Kunin, Vitaly L"]
[Result "0-1"]
[WhiteElo "2390"]
[BlackElo "2511"]
[PlyCount "90"]
[EventDate "2012.09.14"]
[EventType "swiss"]
[EventRounds "9"]
[EventCountry "DEN"]
[Source "ChessBase"]
[SourceDate "2012.10.19"]

1. c4 e5 2. g3 Nc6 3. Nc3 f5 4. Nf3 Nf6 5. d4 e4 6. Ng5 Bb4 7. d5 Ne5 8. Qb3
Ba5 9. h4 O-O 10. Be3 h6 11. Nh3 d6 12. O-O-O Qe7 13. Nf4 Qf7 14. Bd4 Bb6 15.
e3 Bxd4 16. Rxd4 a6 17. Be2 Rb8 18. Kb1 Bd7 19. Rc1 Rfe8 20. Qd1 Nfg4 21. Qe1
Nh2 22. Qh1 Nhf3 23. Bxf3 Nxf3 24. Rdd1 b5 25. cxb5 Bxb5 26. Ne6 c5 27. g4 fxg4
28. Qg2 h5 29. Qg3 Bd3+ 30. Rxd3 exd3 31. Qxd6 Qb7 32. Na4 Qb5 33. Nexc5 d2 34.
Rd1 Qe2 35. Nc3 Qxf2 36. Nd7 Rbd8 37. Nf6+ Kh8 38. Qf4 Rf8 39. Nfe4 Rxf4 40.
Nxf2 Rc4 41. Nfe4 Rxd5 42. Nxd5 Rxe4 43. Kc2 g3 44. Kd3 Rxh4 45. Nf4 Rxf4 0-1

[Event "Skovbo GM"]
[Site "Borup"]
[Date "2012.09.20"]
[Round "5"]
[White "Bintzik, Bernhard"]
[Black "Eriksson, Christian Altenburg"]
[Result "1/2-1/2"]
[WhiteElo "1970"]
[BlackElo "2118"]
[PlyCount "104"]
[EventDate "2012.09.14"]
[EventType "swiss"]
[EventRounds "9"]
[EventCountry "DEN"]
[Source "ChessBase"]
[SourceDate "2012.10.19"]

1. Nf3 c5 2. c4 Nc6 3. d4 cxd4 4. Nxd4 g6 5. e4 Nf6 6. Nc3 Nxd4 7. Qxd4 d6 8.
Be2 Bg7 9. O-O O-O 10. Qd3 Be6 11. Be3 Ng4 12. Bxg4 Bxg4 13. Rac1 Be6 14. b3
Qa5 15. f4 f5 16. Nd5 Rf7 17. a4 Qd8 18. Bd4 fxe4 19. Qxe4 Bf5 20. Qe3 Bh6 21.
Bxa7 e6 22. Bb6 Qd7 23. Nc3 e5 24. Nd5 exf4 25. Qd2 Re8 26. Rce1 Rxe1 27. Rxe1
Bg5 28. Qe2 Bg4 29. Qe8+ Qxe8 30. Rxe8+ Kg7 31. Bd4+ Kh6 32. Nc3 Bd7 33. Re1
Bf5 34. b4 Bd3 35. c5 dxc5 36. Bxc5 Bh4 37. Rd1 Bc2 38. Rc1 Bb3 39. a5 Bg5 40.
Ne4 Be7 41. Nd6 Bxd6 42. Bxd6 g5 43. Rc7 Rxc7 44. Bxc7 Bc4 45. h4 Kh5 46. hxg5
Kxg5 47. Kf2 Kg4 48. Bb6 h5 49. Bc5 h4 50. Bd6 Bd5 51. b5 Bc4 52. b6 Bd5
1/2-1/2

[Event "Skovbo GM"]
[Site "Borup"]
[Date "2012.09.20"]
[Round "5"]
[White "Christensen, Henrik"]
[Black "Hansen, Janech"]
[Result "1-0"]
[WhiteElo "2026"]
[BlackElo "1599"]
[PlyCount "95"]
[EventDate "2012.09.14"]
[EventType "swiss"]
[EventRounds "9"]
[EventCountry "DEN"]
[Source "ChessBase"]
[SourceDate "2012.10.19"]

1. c4 Nf6 2. Nc3 g6 3. d4 Bg7 4. e4 O-O 5. e5 Ne8 6. f4 e6 7. Be3 b6 8. Qf3 c6
9. h4 h5 10. g4 hxg4 11. Qxg4 Bb7 12. h5 c5 13. d5 d6 14. hxg6 f5 15. Qh5 Nf6
16. exf6 Rxf6 17. O-O-O Qe8 18. Rh3 Qxg6 19. Nb5 Na6 20. Nxd6 Qxh5 21. Rxh5 Rb8
22. Nxb7 Rxb7 23. dxe6 Rxe6 24. Bg2 Rb8 25. Bd5 Rbe8 26. Bd2 Nc7 27. Bxe6+ Rxe6
28. Rxf5 Re4 29. Rg5 Rxc4+ 30. Bc3 Ne6 31. Rg2 Nd4 32. Nf3 Nf5 33. Nh4 Rxc3+
34. bxc3 Nxh4 35. Rd8+ Kh7 36. Rh2 Bf6 37. Rf8 Kg7 38. Rxf6 Kxf6 39. Rxh4 Kg6
40. Kd2 c4 41. Ke3 a6 42. Ke4 b5 43. Ke5 a5 44. f5+ Kg5 45. Rh1 b4 46. Rg1+ Kh6
47. f6 bxc3 48. f7 1-0

[Event "Skovbo GM"]
[Site "Borup"]
[Date "2012.09.20"]
[Round "5"]
[White "Danielsen, Henrik"]
[Black "Miezis, Normunds"]
[Result "1/2-1/2"]
[WhiteElo "2509"]
[BlackElo "2574"]
[PlyCount "21"]
[EventDate "2012.09.14"]
[EventType "swiss"]
[EventRounds "9"]
[EventCountry "DEN"]
[Source "ChessBase"]
[SourceDate "2012.10.19"]

1. g3 c5 2. c4 Nc6 3. Nc3 g6 4. Bg2 Bg7 5. e3 e5 6. Nge2 Nge7 7. a3 d6 8. Rb1
a5 9. d3 O-O 10. O-O Rb8 11. b3 1/2-1/2

[Event "Skovbo GM"]
[Site "Borup"]
[Date "2012.09.20"]
[Round "5"]
[White "Hagerup, Per"]
[Black "Hein, Jacob"]
[Result "1/2-1/2"]
[WhiteElo "1660"]
[BlackElo "1490"]
[PlyCount "49"]
[EventDate "2012.09.14"]
[EventType "swiss"]
[EventRounds "9"]
[EventCountry "DEN"]
[Source "ChessBase"]
[SourceDate "2012.10.19"]

1. e4 c5 2. c3 e5 3. Nf3 d6 4. Bc4 Nc6 5. h3 a6 6. a4 Be6 7. Bxe6 fxe6 8. d4
cxd4 9. cxd4 Nf6 10. Nc3 Qa5 11. O-O exd4 12. Nxd4 Nxd4 13. Qxd4 Be7 14. Bd2
Qh5 15. f4 Rd8 16. f5 Qf7 17. Rac1 e5 18. Qb6 Rd7 19. Bg5 O-O 20. Bxf6 Qxf6 21.
Nd5 Qh6 22. Rc7 Bd8 23. Qb3 Bxc7 24. Nxc7+ Kh8 25. Ne6 1/2-1/2

[Event "Skovbo GM"]
[Site "Borup"]
[Date "2012.09.20"]
[Round "5"]
[White "Hansen, Lars Henrik Bech"]
[Black "Molvig, Julius"]
[Result "1-0"]
[WhiteElo "2013"]
[BlackElo "1904"]
[PlyCount "41"]
[EventDate "2012.09.14"]
[EventType "swiss"]
[EventRounds "9"]
[EventCountry "DEN"]
[Source "ChessBase"]
[SourceDate "2012.10.19"]

1. e4 c5 2. Nf3 d6 3. d4 cxd4 4. Nxd4 Nf6 5. Nc3 a6 6. Bg5 e6 7. f4 Nbd7 8. Qf3
Qc7 9. O-O-O Be7 10. Bd3 b5 11. Rhe1 Bb7 12. Nd5 Nxd5 13. exd5 Bxd5 14. Qxd5
exd5 15. Rxe7+ Kf8 16. Bf5 Rd8 17. Be6 f6 18. Rf7+ Ke8 19. Rxg7 Qc5 20. Bf7+
Ke7 21. Bh5+ 1-0

[Event "Skovbo GM"]
[Site "Borup"]
[Date "2012.09.20"]
[Round "5"]
[White "Jacobsen, Mads Holger Bang"]
[Black "Brondum, Jan Kraul"]
[Result "1-0"]
[WhiteElo "2046"]
[BlackElo "1625"]
[PlyCount "67"]
[EventDate "2012.09.14"]
[EventType "swiss"]
[EventRounds "9"]
[EventCountry "DEN"]
[Source "ChessBase"]
[SourceDate "2012.10.19"]

1. c4 g6 2. d4 Bg7 3. Nc3 d6 4. e4 Nf6 5. Nf3 O-O 6. Be2 Nbd7 7. O-O c5 8. e5
Ne8 9. exd6 Nxd6 10. d5 f5 11. Qb3 Qb6 12. Qc2 Nf6 13. Bd3 Bd7 14. Re1 Rae8 15.
Ne5 Bc8 16. Nf3 Qd8 17. Ng5 e5 18. dxe6 Re7 19. Nd5 Nxd5 20. cxd5 Bd4 21. Nf3
Bf6 22. Bh6 Rfe8 23. Qxc5 b6 24. Qb4 Rc7 25. Rad1 Be7 26. Qd4 Bf6 27. Qb4 Nb7
28. Bb5 Be7 29. Qd2 Nd6 30. Bxe8 Nxe8 31. Rc1 Rxc1 32. Qxc1 Nd6 33. Qc3 Ne4 34.
Qg7# 1-0

[Event "Skovbo GM"]
[Site "Borup"]
[Date "2012.09.20"]
[Round "5"]
[White "Jorgensen, Alexander Torp"]
[Black "Rasmussen, Henning Lau"]
[Result "1/2-1/2"]
[WhiteElo "1584"]
[BlackElo "1783"]
[PlyCount "27"]
[EventDate "2012.09.14"]
[EventType "swiss"]
[EventRounds "9"]
[EventCountry "DEN"]
[Source "ChessBase"]
[SourceDate "2012.10.19"]

1. e4 e6 2. d4 d5 3. exd5 exd5 4. c4 Nf6 5. Nc3 Be7 6. Nf3 O-O 7. Be2 c6 8. O-O
Bg4 9. Ne5 Bxe2 10. Qxe2 Nbd7 11. f4 Nb6 12. Qd3 c5 13. Be3 Rc8 14. dxc5
1/2-1/2

[Event "Skovbo GM"]
[Site "Borup"]
[Date "2012.09.20"]
[Round "5"]
[White "Knudsen, Jes West"]
[Black "Percivaldi, Martin"]
[Result "1/2-1/2"]
[WhiteElo "1892"]
[BlackElo "2041"]
[PlyCount "72"]
[EventDate "2012.09.14"]
[EventType "swiss"]
[EventRounds "9"]
[EventCountry "DEN"]
[Source "ChessBase"]
[SourceDate "2012.10.19"]

1. e4 e6 2. d4 d5 3. Nc3 Nf6 4. e5 Nfd7 5. Qg4 f5 6. Qg3 a6 7. Be2 Qe7 8. Nh3
g6 9. Bg5 Qf7 10. Bf6 Nxf6 11. Ng5 Nh5 12. Bxh5 Qe7 13. Bf3 c6 14. h4 Bh6 15.
O-O-O Nd7 16. Be2 c5 17. f4 cxd4 18. Rxd4 Kf8 19. Bf3 Nb6 20. Qf2 Bd7 21. g4
Bxg5 22. hxg5 Bc6 23. gxf5 gxf5 24. Bh5 Be8 25. Bxe8 Kxe8 26. Rh6 Kd7 27. Rd3
Kc7 28. Rdh3 Rag8 29. Qh2 Rg7 30. g6 Nd7 31. Rxh7 Rhg8 32. R3h6 Nf8 33. Rxg7
Rxg7 34. Qg1 b6 35. a3 Qe8 36. Qd4 Rxg6 1/2-1/2

[Event "Skovbo GM"]
[Site "Borup"]
[Date "2012.09.20"]
[Round "5"]
[White "Kokholm, Daniel"]
[Black "Yildiz, Hasan"]
[Result "0-1"]
[WhiteElo "1914"]
[BlackElo "2051"]
[PlyCount "100"]
[EventDate "2012.09.14"]
[EventType "swiss"]
[EventRounds "9"]
[EventCountry "DEN"]
[Source "ChessBase"]
[SourceDate "2012.10.19"]

1. e4 e6 2. Nf3 b6 3. d4 Bb7 4. Bd3 c5 5. c3 c4 6. Bc2 Nf6 7. Bg5 h6 8. Bxf6
Qxf6 9. Qe2 b5 10. a4 a6 11. axb5 axb5 12. Rxa8 Bxa8 13. O-O Be7 14. Nbd2 O-O
15. Ra1 Nc6 16. e5 Qf4 17. g3 Qg4 18. Kg2 f5 19. exf6 Bxf6 20. h3 Qh5 21. Qe4
Bb7 22. Qh7+ Kf7 23. Be4 Ke7 24. d5 exd5 25. Bg6 Rh8 26. Re1+ Kd6 27. Qxh8 Qxg6
28. Qf8+ Kc7 29. Qc5 Qd3 30. Qxb5 Ne5 31. Qc5+ Bc6 32. Re3 Qc2 33. Nxe5 Bxe5
34. Nf3 Bf6 35. Nd4 Qxb2 36. Re8 Bxd4 37. Qxd4 Qc2 38. Re3 g6 39. Qe5+ Kb7 40.
Qd4 Kc7 41. Re1 Qd3 42. Qxd3 cxd3 43. f3 Ba4 44. Kf2 d2 45. Ra1 d1=Q 46. Rxd1
Bxd1 47. f4 h5 48. Ke3 Kd6 49. Kd2 Bf3 50. Ke3 Bg2 0-1

[Event "Skovbo GM"]
[Site "Borup"]
[Date "2012.09.20"]
[Round "5"]
[White "Kristiansen, Jens"]
[Black "Carstensen, Jacob"]
[Result "1-0"]
[WhiteElo "2430"]
[BlackElo "2363"]
[PlyCount "87"]
[EventDate "2012.09.14"]
[EventType "swiss"]
[EventRounds "9"]
[EventCountry "DEN"]
[Source "ChessBase"]
[SourceDate "2012.10.19"]

1. d4 d5 2. c4 dxc4 3. Nf3 Nf6 4. Nc3 a6 5. e4 b5 6. e5 Nd5 7. a4 Bb7 8. e6
fxe6 9. Ng5 Nxc3 10. bxc3 Qd5 11. Qg4 Nd7 12. Nxe6 Rc8 13. Nf4 Qe4+ 14. Be2 Nf6
15. Qh3 g5 16. O-O g4 17. Bxg4 Nxg4 18. Qxg4 h5 19. Qh3 Rb8 20. axb5 Bc8 21.
Qh4 Rxb5 22. Ba3 Rf5 23. Ng6 Qxh4 24. Nxh4 Rf6 25. Rfe1 Bb7 26. Rab1 Bd5 27.
Rb8+ Kf7 28. Bxe7 Re6 29. Rxe6 Bxe6 30. Bxf8 Rxf8 31. Rxf8+ Kxf8 32. Kf1 Kf7
33. Nf3 Kf6 34. Ke2 a5 35. Nd2 a4 36. Nb1 Bd5 37. f3 Kf5 38. Ke3 c6 39. Na3 Kg5
40. g3 Kf5 41. h4 Bf7 42. Nc2 Be6 43. Kd2 Kf6 44. Ne3 1-0

[Event "Skovbo GM"]
[Site "Borup"]
[Date "2012.09.20"]
[Round "5"]
[White "Larsen, Karsten"]
[Black "Hansen, Erik Levin"]
[Result "1-0"]
[WhiteElo "2288"]
[BlackElo "1753"]
[PlyCount "83"]
[EventDate "2012.09.14"]
[EventType "swiss"]
[EventRounds "9"]
[EventCountry "DEN"]
[Source "ChessBase"]
[SourceDate "2012.10.19"]

1. e4 c5 2. Nf3 Nc6 3. Bb5 g6 4. O-O Bg7 5. Re1 e5 6. Bxc6 dxc6 7. d3 Bg4 8. h3
Be6 9. b3 b6 10. a4 a5 11. Nbd2 Ne7 12. Ng5 Bc8 13. Nc4 f6 14. Nf3 O-O 15. Be3
Be6 16. Qd2 Qc7 17. Nh2 Rad8 18. Rab1 Nc8 19. f4 Nd6 20. Nxd6 Qxd6 21. Nf3 Qd7
22. fxe5 fxe5 23. Rf1 Rde8 24. Rf2 Qd8 25. Rbf1 Qc8 26. Qc1 Qd8 27. Qe1 Qd6 28.
Bd2 Bd7 29. Bc1 Bc8 30. Qc3 Qe7 31. Be3 Qd6 32. Nd2 Rxf2 33. Rxf2 Be6 34. Nf3
Rf8 35. Ng5 Rxf2 36. Bxf2 Qe7 37. Nf3 Qf6 38. Bg3 Qd8 39. Bxe5 Bxe5 40. Qxe5
Qd7 41. Qb8+ Kg7 42. Qxb6 1-0

[Event "Skovbo GM"]
[Site "Borup"]
[Date "2012.09.20"]
[Round "5"]
[White "Lindgren, Philip"]
[Black "Zubarev, Alexander2"]
[Result "0-1"]
[WhiteElo "2256"]
[BlackElo "2590"]
[PlyCount "116"]
[EventDate "2012.09.14"]
[EventType "swiss"]
[EventRounds "9"]
[EventCountry "DEN"]
[Source "ChessBase"]
[SourceDate "2012.10.19"]

1. d4 f5 2. Nf3 Nf6 3. g3 g6 4. Bg2 Bg7 5. O-O O-O 6. b3 c5 7. e3 Ne4 8. Bb2 d5
9. Qc1 Nc6 10. dxc5 e5 11. b4 g5 12. b5 g4 13. Nfd2 Ne7 14. Nxe4 dxe4 15. a4
Be6 16. Rd1 Qe8 17. Nc3 Rf6 18. Rd6 Bf8 19. Ba3 Ng6 20. Rd2 Rc8 21. Nd5 Rf7 22.
b6 Qc6 23. Nc7 Rfxc7 24. bxc7 Rxc7 25. Qb2 Bxc5 26. Qb5 Qxb5 27. axb5 Bb6 28.
Bb4 Kf7 29. Ba5 Bxa5 30. Rxa5 b6 31. Ra4 Ne7 32. Bf1 Nc8 33. c4 Ke7 34. Be2 Nd6
35. Rda2 Nc8 36. Rd2 Bd7 37. Ra1 Nd6 38. Rda2 Nc8 39. Rd2 Be6 40. Kg2 Nd6 41.
Rda2 Nc8 42. Rd2 Nd6 43. Rda2 Nc8 44. Rd2 h5 45. Rad1 h4 46. gxh4 f4 47. Bf1
Kf6 48. Rd8 Ne7 49. h3 Nf5 50. exf4 exf4 51. Rh8 f3+ 52. Kh2 g3+ 53. fxg3 e3
54. Re1 Rd7 55. Rf8+ Bf7 56. Kh1 Rd2 57. Ra1 e2 58. Bxe2 fxe2 0-1

[Event "Skovbo GM"]
[Site "Borup"]
[Date "2012.09.20"]
[Round "5"]
[White "Mikkelsen, Nikolaj"]
[Black "Jorgensen, Brian Jorgen"]
[Result "1-0"]
[WhiteElo "2425"]
[BlackElo "2244"]
[PlyCount "69"]
[EventDate "2012.09.14"]
[EventType "swiss"]
[EventRounds "9"]
[EventCountry "DEN"]
[Source "ChessBase"]
[SourceDate "2012.10.19"]

1. e4 e6 2. d3 d5 3. Qe2 Nf6 4. Nf3 Be7 5. g3 O-O 6. e5 Nfd7 7. Bg2 b5 8. O-O
b4 9. h4 c5 10. Bf4 Nc6 11. Nbd2 a5 12. Rfe1 Ba6 13. h5 Kh8 14. Nf1 Nd4 15.
Nxd4 cxd4 16. Qg4 Rc8 17. Re2 Rc6 18. Nh2 Qc8 19. Nf3 Rxc2 20. Rxc2 Qxc2 21.
Rc1 Qxb2 22. Rc7 Bxd3 23. h6 gxh6 24. Rxd7 Rg8 25. Qh3 Bf5 26. Qxh6 Bf8 27. Qh4
Bg6 28. Bg5 Bg7 29. Bf6 Qb1+ 30. Kh2 Qf5 31. Ng5 Bxf6 32. exf6 Rf8 33. Qh6 Rg8
34. Qxh7+ Bxh7 35. Nxf7# 1-0